LIBRARY & INFORMATION CENTRE, KCAET, TAVANUR

ONLINE PUBLIC ACCESS CATALOGUE (OPAC)

Introductory Geotechnical Engineering: An environmental perspective (Record no. 14172)

MARC details
000 -LEADER
fixed length control field 00370nam a22001337a 4500
020 ## - INTERNATIONAL STANDARD BOOK NUMBER
ISBN 9780415304023
082 ## - DEWEY DECIMAL CLASSIFICATION NUMBER
Classification number 624.151
Item number FAN/IN
100 ## - MAIN ENTRY--AUTHOR NAME
Personal name Fang, Hsai Yang
100 ## - MAIN ENTRY--AUTHOR NAME
Personal name Daniels,John L.
245 ## - TITLE STATEMENT
Title Introductory Geotechnical Engineering: An environmental perspective
260 ## - PUBLICATION, DISTRIBUTION, ETC. (IMPRINT)
Place of publication London
Name of publisher Taylor & Francis Group
Year of publication 2006
300 ## - PHYSICAL DESCRIPTION
Number of Pages 545
942 ## - ADDED ENTRY ELEMENTS (KOHA)
Koha item type Books
Holdings
Withdrawn status Lost status Damaged status Collection code Home library Current library Shelving location Date acquired Source of acquisition Cost, normal purchase price Full call number Accession Number Koha item type
        KAUAET KAUAET General Stacks 06/01/2015 Calicut Book centre, calicut 695.00 624.151 FAN/IN 23715 Books
free website counter